México /

Guardado en:
Autor Principal: Johnson, William Weber
Formato: Libro
Publicado: México : Life, 1962
Series:Life en Español
Materias:
Etiquetas: Agregar Etiqueta
Sin Etiquetas, Sea el primero en etiquetar este registro!
LEADER 00452nam a22001815a 4500
001 CEM.cems003504
005 19000101000000.0
008 130507s1962##################000#0#####d
003 CEMS
082 0 4 |a 972 
100 1 |a Johnson, William Weber 
245 1 0 |a México / 
260 |a México :  |b Life,  |c 1962 
300 |a 160 p. 
490 0 |a Life en Español 
653 |a Historia 
653 |a Mexico 
859 |a CEMS  |b BIB. CEMS - 11 de abril  |h 972  |i J639  |p 3887.75  |t Ej.1